Music Quiz

Random Music or Artist Quiz

Jump, Walk, or Run Songs Quiz Stats

 Plays Quiz Updated Feb 9, 2019

Support Sporcle.
Go Orange.
Score 0/24 Timer 03:00
0 Plays Today
Question Answer Wrong Answers
_____ Like an Egyptian
The Bangles (1986)
Walk
94.9%
Run
0.8%
Jump
0.5%
______ Train
Soul Asylum (1992)
Runaway
94.8%
Jumpaway
0.5%
Walkaway
0.6%
I _____ the Line
Johnny Cash (1956)
Walk
94%
Run
1%
Jump
1.1%
_____ on Sunshine
Katrina and the Waves (1983)
Walking
93.7%
Running
1.8%
Jumping
0.5%
_____ This Way
Aerosmith (1975)
Walk
93.7%
Run
1.9%
Jump
0.4%
These Boots Are Made for _____
Nancy Sinatra (1966)
Walkin'
93.6%
Runnin'
1.7%
Jumpin'
0.8%
_____ Like Hell
Pink Floyd (1979)
Run
92.7%
Jump
1.8%
Walk
1.6%
_____ Rudolph _____
Chuck Berry (1958)
Run, Run
92.3%
Jump, Jump
3.1%
Walk, Walk
0.7%
_____ of Life
Dire Straits (1985)
Walk
92.2%
Run
2.5%
Jump
1.3%
_____ Jack Flash
The Rolling Stones (1968)
Jumpin'
91.7%
Runnin'
3.2%
Walkin'
1.1%
_____ in Memphis
Marc Cohn (1991)
Walking
87.1%
Running
7.4%
Jumping
1.4%
_____
Van Halen (1984)
Jump
86.6%
Run
6.7%
Walk
2.7%
_____ Down a Dream
Tom Petty (1989)
Runnin'
81.2%
Jumpin'
2.7%
Walkin'
11.9%
_____ with the Devil
Van Halen (1978)
Runnin'
79.7%
Jumpin'
1.6%
Walkin'
14.7%
Jesus _____
Kanye West (2004)
Walks
78.8%
Runs
8.3%
Jumps
8.7%
_____ This Town
Jay-Z (2009)
Run
74.9%
Jump
9%
Walk
11.8%
_____ (For My Love)
The Pointer Sisters (1983)
Jump
70.8%
Run
22.8%
Walk
2.4%
_____
Kris Kross (1992)
Jump
70.1%
Run
16.1%
Walk
9.5%
_____ Around
House of Pain (1992)
Jump
69.9%
Run
20.3%
Walk
5.7%
_____-Around
Blues Traveler (1994)
Run
63.9%
Jump
23.4%
Walk
8.6%
_____
Snow Patrol (2003)
Run
58%
Jump
21%
Walk
16.5%
_____
Third Eye Blind (1997)
Jumper
56.2%
Runner
26.8%
Walker
12.4%
_____ Then Fall
Taylor Swift (2008)
Jump
46.8%
Run
33.8%
Walk
15.1%
_____, _____
Destiny's Child (1999)
Jumpin', Jumpin'
44.6%
Runnin', Runnin'
40.2%
Walkin', Walkin'
10.9%

You're not logged in!

Compare scores with friends on all Sporcle quizzes.
OR
Log In

From the Vault

Asian Cities A-Z

by GeoExpert

This quiz is as easy as ABC...if you live in Asia.
Remove Ads.
Support Sporcle.
Get the best of Sporcle when you Go Orange. This ad-free experience offers more features, more stats, and more fun while also helping to support Sporcle. Thank you for becoming a member.

Show Comments

Extras

Top Quizzes Today


Score Distribution

Your Account Isn't Verified!

In order to create a playlist on Sporcle, you need to verify the email address you used during registration. Go to your Sporcle Settings to finish the process.

Report this User

Report this user for behavior that violates our Community Guidelines.

Details: